LEADER 00612naa a2200145 i 4500 001 000000308334 003 CaOOAMICUS 005 20180831172933.0 008 180831n it u000 u ita u 013 $a17299 040 $aSeMil$bita 100 1 $aSeneca, Lucius Anneus,$d<4 a.C.-65 d.C.>.$0(OLS)http://semarc/name/764 245 10$aLettere a Lucilio. 773 0 $aSeneca, Lucius Anneus <4 a.C.-65 d.C.>$tTutti gli scritti in prosa.$dMilano : Rusconi, 1994.$kClassici del pensiero. Sez. 1, Filosofia classica e tardo-antica$z88-18-22028-4$gp.[903]-1398$w()121653 996 $6245$aLettere a Lucilio$9(OLS)http://semarc/title/27337 LEADER 00961nam a2200253 i 4500 001 000000335418 003 CaOOAMICUS 005 20190822095128.0 008 190724s2013 it u000 u ita u 013 $a236683 020 $a978-88-384-6830-8 040 $aSeMil$bita 100 1 $aTornielli, Andrea,$d<1964- >.$0(OLS)http://semarc/name/91147 245 10$aFrancesco insieme / $cAndrea Tornielli. 260 $aMilano :$bPiemme,$c2013. 300 $a181 p. ;$c22 cm. 600 04$aFrancesco I .$0(OLS)http://semarc/subject/15916 850 $aSeMil 852 $aSeMil$W1$xVenegono$y1$m2A VII 316$j215427$B227350$CSeMilBibl$Z2$F227350 $81 961 $aAntonelli don Mario - Omaggio 996 $6020$a978-88-384-6830-8$9(OLS)http://semarc/number/288156 996 $6245$aFrancesco insieme / $9(OLS)http://semarc/title/424859 996 $6260$aMilano :$bPiemme$9(OLS)http://semarc/publisher/34822